Valoracin̤ de instrumentos financieros y arrendamientos en NIIF para Pymes

Bibliographic Details
Main Author: Meza Orozco, Jhonny de Jess︢
Format: eBook
Language:Spanish
Published: Bogot:̀ Ediciones de la U, 2018
Edition:3a. edicin̤
Subjects:
Online Access:Acceso restringido

MARC

LEADER 00000nam a22000007a 4500
005 20181222151045.0
007 cr|||| ||||
008 181222s2018 co |||||s|||| 00||0 spa d
020 |a 978-958-762-773-2 
035 |a 22607 
040 |a vLex 
090 |c 8365  |d 8365 
100 1 |a Meza Orozco, Jhonny de Jess︢ 
245 1 0 |a Valoracin̤ de instrumentos financieros y arrendamientos en NIIF para Pymes  |h [Recurso electrn̤ico] /  |c Jhonny de Jess︢ Meza Orozco 
250 |a 3a. edicin̤ 
256 |a Servicio en ln̕ea 
260 |a Bogot:̀  |b Ediciones de la U,  |c 2018 
300 |a 1 recurso electrn̤ico 
506 1 |a Disponible solo en los productos indicados  |d vLex Global  |d vLex Global (Academic Edition, excluding Law Schools)  |d vLex Global (U.S. Academic Edition, Law Schools)  |d vLex Global (U.S. Academic Edition, excluding Law Schools)  |d vLex Global (Academic Edition, Law Schools) 
650 0 4 |a Contabilidad  |z Colombia 
740 0 |a vLex Libros (Servicio en ln̕ea) 
856 4 0 |u http://vlex.com/source/valoracion-instrumentos-financieros-arrendamientos-niif-pymes-3a-edicion-22607  |z Acceso restringido 
942 |c BOOK 
999 0 |a Accounting